Zahraniční návštevníci v ubytovacích zariadeniach cestovného ruchu SR - september 1992

Uložené v:
Podrobná bibliografia
Médium: Kniha
Jazyk:Slovak
Vydavateľské údaje: Bratislava Slovenský štatistický úrad 1992
Edícia:Štatistické čísla a grafy
Predmet:
Tagy: Pridať tag
Žiadne tagy, Buďte prvý, kto otaguje tento záznam!

MARC

LEADER 00000nam a2200000 4500
001 c019607
005 20260223114544.3
041 0 |a slo 
044 |a SK 
245 1 0 |a Zahraniční návštevníci v ubytovacích zariadeniach cestovného ruchu SR - september 1992 
264 1 |a Bratislava  |b Slovenský štatistický úrad  |c 1992 
300 |a 130 s. 
490 1 |a Štatistické čísla a grafy 
830 0 |a Štatistické čísla a grafy 
610 2 0 |a Slovensko 
610 2 0 |a ruch cestovný 
610 2 0 |a zariadenia ubytovacie 
610 2 0 |a cudzinci